[Event "CZE-tht Extraliga 2018-19"]
[Site "Czech Republic"]
[Date "2019.01.12"]
[Round "5"]
[White "Rehorek, Martin"]
[Black "Jirovsky, Milos"]
[Result "0-1"]
[WhiteElo "2283"]
[BlackElo "2448"]
[Annotator "TA"]
[PlyCount "74"]
[EventDate "2018.11.03"]
[EventType "team-tourn"]
[EventCountry "CZE"]
[SourceTitle "playchess.com"]
[Source "ChessBase"]
[SourceQuality "1"]
[WhiteTeam "Siesta B"]
[BlackTeam "Pardubice"]

{[%evp 21,74,45,56,45,43,44,52,42,45,31,31,31,42,20,40,11,31,24,25,15,25,21,46,0,12,9,15,20,25,24,23,25,57,-8,-10,-18,-17,-17,-28,-39,-39,-34,0,-67,-66,-67,-8,-94,-53,-152,-147,-571,-527,-1710,-1657]} 1. e4 c5 2. Nf3 Nc6 3. d4 cxd4 4. Nxd4 g6 5. c4 Nf6 6. Nc3 Nxd4 7. Qxd4 d6 8. Bg5 Bg7 9. Qd2 O-O 10. Bd3 Bd7 {B36: Sicilian: Maroczy Bind: Gurgenidze System} (10... a5 11. a4 Be6 12. b3 Nd7 13. O-O Qb6 14. Rab1 Qb4 15. Rfc1 Nc5 16. Qc2 Bxc3 17. Qxc3 f6 18. Bh6 Qxc3 19. Rxc3 {0-1 (75) Bindrich,F (2598)-McShane,L (2647) Germany 2018}) 11. O-O Bc6 {LiveBook: 5 Games} 12. Rfe1 Re8 $146 {White is slightly better.} ({Predecessor:} 12... a5 13. Nd5 Re8 14. Rad1 Nd7 15. b3 Nc5 16. Bc2 b6 17. h4 h5 18. a3 {1-0 (63) Pavlov,M (2463)-Alexeev,A (2316) Simferopol 2013}) 13. Rac1 Rc8 14. h3 b6 15. Bh6 Bxh6 16. Qxh6 e5 17. Qd2 Qd7 18. Bf1 Red8 19. Kh2 Qb7 {[%cal Rf6e4]} 20. Bd3 Kg7 21. Qe2 a5 22. Nd5 Nd7 23. b3 Nc5 24. Nc3 Rf8 25. f3 Qe7 26. Rcd1 f5 27. Qe3 (27. exf5 $14 gxf5 28. Kg1) 27... f4 $11 28. Qf2 h5 29. Bc2 g5 30. Nd5 Bxd5 31. exd5 Rh8 (31... g4 $5 {[%cal Rg4g3]} 32. hxg4 hxg4 33. fxg4 Rh8+ 34. Kg1 Qg5 $11) 32. Bb1 (32. Qe2 $11) 32... Rcg8 $15 33. Qc2 Rh6 ({Black should try} 33... Qf6 $15) 34. Rf1 (34. a3 $11) 34... Kh8 35. Rde1 (35. Qe2 $15) 35... g4 $17 36. fxg4 $2 {[%mdl 8192] [#]} (36. Re2 $17) 36... hxg4 $19 37. Qf5 {White wants to play Qxf4!} Qh4 {Accuracy: White = 19%, Black = 43%.} ({Less strong is} 37... gxh3 38. gxh3 Rf8 39. Qg4 $17) 0-1

[Event "CZE-tht Extraliga 2018-19"]
[Site "Czech Republic"]
[Date "2019.01.12"]
[Round "5"]
[White "Parizek, Vojtech"]
[Black "Stocek, Jiri"]
[Result "0-1"]
[WhiteElo "2277"]
[BlackElo "2587"]
[Annotator "ChessBase"]
[PlyCount "74"]
[EventDate "2018.11.03"]
[EventType "team-tourn"]
[EventCountry "CZE"]
[SourceTitle "playchess.com"]
[Source "ChessBase"]
[SourceQuality "1"]
[WhiteTeam "Siesta B"]
[BlackTeam "Pardubice"]
[TimeControl "40/5400+30:1800+30"]

1. e4 {[%emt 0:00:00]} c5 {[%emt 0:01:30]} 2. Nf3 {[%emt 0:00:14]} e6 {[%emt 0:00:44]} 3. d4 {[%emt 0:00:22]} cxd4 {[%emt 0:00:17]} 4. Nxd4 {[%emt 0:00:08]} Nc6 {[%emt 0:01:13]} 5. Nc3 {[%emt 0:03:42]} d6 {[%emt 0:00:33]} 6. g3 {[%emt 0:02:26]} Nf6 {[%emt 0:02:02]} 7. Bg2 {[%emt 0:01:08]} Bd7 {[%emt 0:00:29]} 8. Nce2 {[%emt 0:05:45]} Be7 {[%emt 0:04:08]} 9. O-O {[%emt 0:01:41]} O-O {[%emt 0:00:32]} 10. Re1 {[%emt 0:05:09]} Rc8 {[%emt 0:15:46]} 11. b3 {[%emt 0:10:42]} Nxd4 {[%emt 0:07:22]} 12. Nxd4 {[%emt 0:00:56]} b5 {[%emt 0:00:17]} 13. Bb2 {[%emt 0:03:27]} Qb6 {[%emt 0:06:07]} 14. Qd3 {[%emt 0:06:44]} Rfd8 {[%emt 0:03:06]} 15. Rac1 {[%emt 0:02:47]} a6 {[%emt 0:08:14]} 16. c4 {[%emt 0:09:09]} Ng4 {[%emt 0:02:31]} 17. Qe2 {[%emt 0:02:21]} Ne5 {[%emt 0:06:56]} 18. cxb5 {[%emt 0:01:46]} axb5 {[%emt 0:00:51]} 19. a3 {[%emt 0:05:03]} h6 {[%emt 0:07:24]} 20. Kh1 {[%emt 0:04:50]} Bf6 {[%emt 0:04:10]} 21. Red1 {[%emt 0:06:18]} Ng6 {[%emt 0:11:01]} 22. Nf3 {[%emt 0:08:19]} Bxb2 {[%emt 0:00:27]} 23. Qxb2 {[%emt 0:00:16]} e5 {[%emt 0:01:31]} 24. Rd3 {[%emt 0:06:13]} Rxc1+ {[%emt 0:02:28]} 25. Qxc1 {[%emt 0:00:05]} Bc6 {[%emt 0:05:08]} 26. Qe3 {[%emt 0:05:36]} Qb7 {[%emt 0:00:28]} 27. Ne1 {[%emt 0:02:41]} Nf8 {[%emt 0:00:30]} 28. Nc2 {[%emt 0:01:21]} Ne6 {[%emt 0:00:58]} 29. Nb4 {[%emt 0:01:22]} Nd4 {[%emt 0:00:31]} 30. Rc3 {[%emt 0:02:21]} Rc8 {[%emt 0:04:28]} 31. Qd3 {[%emt 0:01:57]} Rc7 {[%emt 0:01:11]} 32. Nc2 {[%emt 0:00:35]} Bxe4 {[%emt 0:01:02]} 33. Rxc7 {[%emt 0:00:27]} Bxg2+ {[%emt 0:00:06]} 34. Kg1 {[%emt 0:00:05]} Nf3+ {[%emt 0:01:25]} 35. Kxg2 {[%emt 0:00:07]} Ne1+ {[%emt 0:00:05]} 36. Kf1 {[%emt 0:00:09]} Qh1+ {[%emt 0:00:05]} 37. Ke2 {[%emt 0:00:08]} Nxd3 {[%emt 0:00:08]} 0-1

[Event "CZE-tht Extraliga 2018-19"]
[Site "Czech Republic"]
[Date "2019.01.12"]
[Round "5"]
[White "Mitura, Vaclav"]
[Black "Koziol, Kamil"]
[Result "0-1"]
[WhiteElo "2155"]
[BlackElo "2285"]
[Annotator "NA"]
[PlyCount "106"]
[EventDate "2018.11.03"]
[EventType "team-tourn"]
[EventCountry "CZE"]
[SourceTitle "playchess.com"]
[Source "ChessBase"]
[SourceQuality "1"]
[WhiteTeam "Cesky Tesin"]
[BlackTeam "Ostrava"]
[TimeControl "40/5400+30:1800+30"]

1. d4 {[%emt 0:00:00]} Nf6 {[%emt 0:00:00]} 2. Bf4 {[%emt 0:00:17]} d5 {[%emt 0:01:25]} 3. e3 {[%emt 0:01:48]} c5 {[%emt 0:02:00]} 4. Nf3 {[%emt 0:02:48]} Nc6 {[%emt 0:01:43]} 5. Nc3 {[%emt 0:03:17]} a6 {[%emt 0:04:57]} 6. dxc5 {[%emt 0:20:49]} Bg4 {[%emt 0:04:12]} 7. Be2 {[%emt 0:05:34]} e6 {[%emt 0:04:10]} 8. h3 {[%emt 0:05:54]} Bh5 {[%emt 0:03:28]} 9. O-O {[%emt 0:13:34]} Bxc5 {[%emt 0:01:01]} 10. a3 {[%emt 0:00:11]} O-O {[%emt 0:06:51]} 11. Ne5 {[%emt 0:03:18]} Bxe2 {[%emt 0:03:56]} 12. Qxe2 {[%emt 0:00:27]} Rc8 {[%emt 0:10:09]} 13. Rfd1 {[%emt 0:04:20]} Nxe5 {[%emt 0:09:26]} 14. Bxe5 {[%emt 0:00:08]} Nd7 {[%emt 0:01:20]} 15. Bg3 {[%emt 0:10:43]} Qf6 {[%emt 0:06:42]} 16. Qg4 {[%emt 0:14:10]} Ne5 {[%emt 0:02:16]} 17. Bxe5 {[%emt 0:02:03]} Qxe5 {[%emt 0:00:06]} 18. Qf4 {[%emt 0:01:15]} Bd6 {[%emt 0:06:44]} 19. Qxe5 {[%emt 0:05:02]} Bxe5 {[%emt 0:00:02]} 20. Rd3 {[%emt 0:00:43]} b5 {[%emt 0:03:50]} 21. Kf1 {[%emt 0:00:35]} Rc4 {[%emt 0:02:40]} 22. Ke2 {[%emt 0:00:27]} Rfc8 {[%emt 0:00:07]} 23. Kd2 {[%emt 0:00:23]} d4 {[%emt 0:10:47]} 24. exd4 {[%emt 0:00:11]} Bxd4 {[%emt 0:00:05]} 25. f3 {[%emt 0:01:40]} Be5 {[%emt 0:06:22]} 26. Re1 {[%emt 0:01:16]} f6 {[%emt 0:00:14]} 27. Re4 {[%emt 0:00:46]} Rxe4 {[%emt 0:01:04]} 28. fxe4 {[%emt 0:00:07]} Kf8 {[%emt 0:01:17]} 29. b3 {[%emt 0:01:07]} Ke7 {[%emt 0:00:57]} 30. a4 {[%emt 0:00:20]} Rc5 {[%emt 0:03:36]} 31. axb5 {[%emt 0:00:18]} axb5 {[%emt 0:00:10]} 32. Ne2 {[%emt 0:00:53]} Bd6 {[%emt 0:00:25]} 33. Rc3 {[%emt 0:00:46]} Rg5 {[%emt 0:00:07]} 34. Rc6 {[%emt 0:00:14]} Rxg2 {[%emt 0:01:59]} 35. Rb6 {[%emt 0:00:18]} b4 {[%emt 0:00:43]} 36. Rb7+ {[%emt 0:00:23]} Kd8 {[%emt 0:00:42]} 37. Kd3 {[%emt 0:00:12]} Kc8 {[%emt 0:00:45]} 38. Rf7 {[%emt 0:00:46]} e5 {[%emt 0:00:49]} 39. h4 {[%emt 0:00:56]} h5 {[%emt 0:00:37]} 40. c3 {[%emt 0:00:30]} Kd8 {[%emt 0:01:12]} 41. Rb7 {[%emt 0:30:42]} g5 {[%emt 0:30:54]} 42. Rh7 {[%emt 0:00:00]} Rh2 {[%emt 0:00:00]} 43. Rxh5 {[%emt 0:00:00]} Rh3+ {[%emt 0:00:00]} 44. Kc2 {[%emt 0:00:00]} gxh4 {[%emt 0:00:00]} 45. cxb4 {[%emt 0:00:00]} Bxb4 {[%emt 0:00:00]} 46. Nc1 {[%emt 0:00:00]} Be1 {[%emt 0:00:00]} 47. Nd3 {[%emt 0:00:00]} Rh2+ {[%emt 0:00:00]} 48. Kd1 {[%emt 0:00:00]} Bg3 {[%emt 0:00:00]} 49. Rh7 {[%emt 0:00:00]} h3 {[%emt 0:00:00]} 50. Nc5 {[%emt 0:00:00]} Rh1+ {[%emt 0:00:00]} 51. Kd2 {[%emt 0:00:00]} h2 {[%emt 0:00:00]} 52. Nb7+ {[%emt 0:00:00]} Kc8 {[%emt 0:00:00]} 53. Nd6+ {[%emt 0:00:00]} Kb8 {[%emt 0:00:00]} 0-1

[Event "CZE-tht Extraliga 2018-19"]
[Site "Czech Republic"]
[Date "2019.01.13"]
[Round "6"]
[White "Navara, David"]
[Black "Sadzikowski, Daniel"]
[Result "1-0"]
[WhiteElo "2738"]
[BlackElo "2534"]
[Annotator "TA"]
[PlyCount "75"]
[EventDate "2018.11.03"]
[EventType "team-tourn"]
[EventCountry "CZE"]
[SourceTitle "playchess.com"]
[Source "ChessBase"]
[SourceQuality "1"]
[WhiteTeam "Novoborsky"]
[BlackTeam "Duras"]

{[%evp 12,75,5,-5,0,0,-15,-21,5,33,35,36,29,23,29,18,28,31,25,27,22,28,23,10,22,28,47,46,47,54,68,42,58,60,45,30,30,33,60,41,35,27,25,33,33,39,46,34,28,35,42,39,147,111,212,212,212,196,383,362,610,611,585,581,540,521]} 1. c4 e5 2. g3 Nf6 3. Bg2 d5 4. cxd5 Nxd5 5. Nc3 Nb6 6. d3 Be7 7. Nh3 {LiveBook: 5 Games} Nc6 {A22: English Opening: 1...e5 2 Nc3 Nf6} 8. f4 h5 9. Be3 Bxh3 $146 {The position is equal.} ({Predecessor:} 9... h4 10. Rc1 Bf5 11. Ng5 Qd7 12. Qb3 O-O 13. gxh4 Nd4 14. Qd1 Bc5 15. Qd2 exf4 16. Bxf4 {½-½ (49) Carlsen,M (2855)-Vachier Lagrave,M (2789) Leuven 2016}) 10. Bxh3 Nd5 11. Nxd5 Qxd5 12. O-O $1 Bc5 13. Qd2 Bb6 14. Bg2 Qe6 15. Bxb6 axb6 16. fxe5 Qxe5 17. Qf4 Qxf4 18. Rxf4 Ra5 19. a4 Rc5 20. b4 Rc2 21. Re4+ Kf8 22. a5 bxa5 23. b5 Nd8 24. Rxa5 g6 25. Ra8 Kg7 26. Re7 Rf8 $1 27. Kf2 b6 28. Bd5 $36 {[%mdl 2048] Black must now prevent Rc8. White has good play.} Ne6 29. Ra2 Rxa2 30. Bxa2 $14 {[%mdl 4096] Endgame KRB-KRN} Kf6 31. Rd7 Rc8 ({Better is} 31... Ra8 $1 $14 32. Bc4 Ra3) 32. Bd5 $16 g5 (32... Ke5 $16) 33. e4 $18 {[%cal Be2e4,Be4e5][%mdl 32]} h4 {[#]} 34. Ke3 $1 h3 $2 (34... hxg3 {might work better.} 35. hxg3 Rh8) 35. d4 Nd8 $2 (35... Kg6 36. e5 Re8) 36. e5+ {White is clearly winning.} Kg6 37. Be4+ Kg7 38. Bf5 {Accuracy: White = 80%, Black = 33%.} 1-0

[Event "CZE-tht Extraliga 2018-19"]
[Site "Czech Republic"]
[Date "2019.01.13"]
[Round "6"]
[White "Matlakov, Maxim"]
[Black "Ponomariov, Ruslan"]
[Result "1/2-1/2"]
[WhiteElo "2700"]
[BlackElo "2663"]
[Annotator "TA"]
[PlyCount "81"]
[EventDate "2018.11.03"]
[EventType "team-tourn"]
[EventCountry "CZE"]
[SourceTitle "playchess.com"]
[Source "ChessBase"]
[SourceQuality "1"]
[WhiteTeam "Pardubice"]
[BlackTeam "Lysa nad Labem"]

{[%evp 13,81,0,2,-31,-19,-31,-25,-23,-33,-21,-10,-7,-7,-12,5,0,-4,-11,-12,-12,-12,-12,-7,-12,-12,-13,-26,-8,-11,-78,-84,-113,0,-39,-51,-131,-132,-137,-132,-131,-132,-129,-136,-129,-132,-113,-120,-153,-134,-139,-147,-136,-136,-122,-146,-140,-132,-154,-51,-51,-48,-43,-40,-46,0,0,0,-46,0,0]} 1. Nf3 d5 2. e3 Nf6 3. c4 e6 4. b3 Be7 5. Bb2 O-O 6. Nc3 dxc4 {A13: English Opening: 1...e6} 7. bxc4 b6 {LiveBook: 3 Games} 8. Rg1 $146 ({Predecessor:} 8. g3 Bb7 9. Bg2 c5 10. O-O Ne8 11. Qe2 Nd6 12. d4 Nc6 13. dxc5 bxc5 14. Rfd1 Na5 15. Nd2 Bxg2 16. Kxg2 Qb6 17. Rab1 Qc6+ 18. Kg1 {½-½ (52) Khismatullin,D (2627)-Inarkiev,E (2684) Yaroslavl 2018}) 8... Bb7 {Black is slightly better.} 9. g4 {[%cal Bg2g4,Bg4g5][%mdl 32]} Ne4 10. Nxe4 Bxe4 11. d3 Bb4+ 12. Ke2 Bb7 13. Bg2 Bd6 14. g5 Nd7 15. Nd2 Bxg2 16. Rxg2 e5 17. Ne4 f5 18. gxf6 Nxf6 19. Nxf6+ Qxf6 {[#]} 20. f4 $1 {[%mdl 512]} Qe6 {And now ...g6 would win.} (20... exf4 21. Bxf6) 21. Rg5 (21. c5 $1 $11 bxc5 22. Qb3 Qxb3 23. axb3) 21... h6 $36 {[%mdl 2048] Black is on the roll.} 22. Rg2 {[#]} g6 ({Black should play} 22... Rf7 $1 $17 23. Qg1 Rd8) 23. fxe5 Bxe5 24. d4 (24. Qg1 $15 Kh7 25. Rxg6 Qxg6 26. Qxg6+ Kxg6 27. Bxe5) 24... Qc6 25. Qg1 Qxc4+ 26. Kd2 g5 27. Qd1 c5 28. Qb3 Qxb3 29. axb3 cxd4 30. exd4 Rad8 31. Ke3 Bb8 32. h4 Rde8+ 33. Kd3 Rf3+ 34. Kc4 Rc8+ 35. Kd5 {[#]} Rxb3 (35... Kg7 $1 $17 36. hxg5 h5) 36. hxg5 $15 Rb5+ 37. Ke6 Rc6+ 38. Kd7 Rc7+ 39. Ke6 Rc6+ ({Wrong is} 39... hxg5 $2 40. d5 $16) 40. Kd7 Rc7+ 41. Ke6 {Accuracy: White = 45%, Black = 68%.} 1/2-1/2

[Event "CZE-tht Extraliga 2018-19"]
[Site "Czech Republic"]
[Date "2019.01.13"]
[Round "6"]
[White "Nabaty, Tamir"]
[Black "Movsesian, Sergei"]
[Result "1-0"]
[WhiteElo "2670"]
[BlackElo "2629"]
[Annotator "TA"]
[PlyCount "67"]
[EventDate "2018.11.03"]
[EventType "team-tourn"]
[EventCountry "CZE"]
[SourceTitle "playchess.com"]
[Source "ChessBase"]
[SourceQuality "1"]
[WhiteTeam "Lysa nad Labem"]
[BlackTeam "Pardubice"]

{[%evp 15,67,4,0,-2,0,0,0,6,19,24,22,-11,18,0,9,12,16,17,22,10,35,22,25,0,0,0,27,14,18,16,21,17,18,11,24,0,28,0,0,-10,23,26,180,104,140,135,297,290,361,354,675,579,5273,5193]} 1. d4 Nf6 2. Nf3 e6 3. Bf4 c5 4. e3 Nc6 5. Nbd2 d5 6. c3 Bd6 7. Bg3 O-O 8. Bb5 {D02: 1 d4 d5 2 Nf3 sidelines, including 2...Nf6 3 g3 and 2...Nf6 3 Bf4} Be7 {LiveBook: 40 Games} 9. Qe2 (9. Bd3 b6 10. O-O Bb7 11. h3 Bd6 12. Bh4 Be7 13. Qb1 h6 14. a3 Nh5 15. Bxe7 Qxe7 {½-½ (64) Carlsen,M (2837)-Wang,H (2709) Riadh 2017}) 9... Qb6 10. dxc5 {The position is equal.} Bxc5 11. Rb1 $146 ({Predecessor:} 11. b4 Be7 12. Bd3 a5 13. b5 Nb8 14. O-O Nbd7 15. c4 Nc5 16. cxd5 exd5 {½-½ (42) Djurhuus,R (2402)-Urkedal,F (2557) Tromsoe 2016}) 11... Ne7 12. Bd3 Bd6 13. Bh4 Nd7 14. c4 Ng6 15. Bg3 Nf6 16. O-O Bxg3 17. hxg3 Bd7 18. Rfc1 Rac8 19. Rc2 Rfd8 20. Rbc1 dxc4 21. Nxc4 Qb4 22. Bxg6 hxg6 23. Nce5 Rxc2 24. Qxc2 Be8 25. a3 Qb6 26. b4 Nd5 27. Qe4 Ne7 28. Ng5 $36 {[%mdl 2048] [#] Hoping for Qh4. White has some pressure.} Qb5 $2 (28... Nf5 $11 {and Black is okay.}) 29. a4 (29. Rc7 $18 Rd1+ 30. Kh2) 29... Qxa4 30. Kh2 ({Weaker is} 30. Qh4 Rd1+ 31. Rxd1 Qxd1+ 32. Kh2 Qh5 $17) 30... Nc6 $2 (30... Nf5 $16 {might work better.}) 31. Nxg6 $18 {Threatens to win with Qh4.} Qxb4 32. Rc4 Rd4 $2 {[#]} (32... Qa5) 33. Qxd4 ({Not} 33. Rxb4 Rxe4 34. Rxe4 fxg6 $18) 33... Qb1 34. Rxc6 {[%mdl 64] Back Rank. Accuracy: White = 63%, Black = 39%.} 1-0

[Event "CZE-tht Extraliga 2018-19"]
[Site "Czech Republic"]
[Date "2019.01.13"]
[Round "6"]
[White "Shirov, Alexei"]
[Black "Blahynka, Martin"]
[Result "1-0"]
[WhiteElo "2658"]
[BlackElo "2418"]
[Annotator "TA"]
[PlyCount "83"]
[EventDate "2018.11.03"]
[EventType "team-tourn"]
[EventCountry "CZE"]
[SourceTitle "playchess.com"]
[Source "ChessBase"]
[SourceQuality "1"]
[WhiteTeam "Novoborsky"]
[BlackTeam "Duras"]

{[%evp 9,82,30,33,33,45,47,52,7,17,-69,-65,-53,-61,-135,-133,-112,-104,-197,-144,-176,-142,-131,-127,-135,0,-106,-103,-93,0,0,0,0,0,0,0,0,0,0,142,164,143,0,14,14,74,142,210,221,698,693,686,667,1189,730,1310,879,852,852,772,738,839,839,849,825,806,783,724,658,29990,972,29991,29992,29996,29992,29999]} 1. e4 e5 2. Nf3 Nc6 3. Bb5 a6 4. Ba4 Nge7 5. Nc3 Ng6 {[%cal Be7g6,Bg6h4,Bh4f3][%mdl 32] LiveBook: 15 Games} 6. h4 {[%cal Bh2h4,Bh4h5][%mdl 32] C70: Ruy Lopez: 3...a6 4 Ba4, Norwegian and Delayed Schliemann} Be7 $146 {[%cal Rg6h4]} ({Predecessor:} 6... Bc5 7. d3 h6 8. h5 Nge7 9. Be3 Bxe3 10. fxe3 d6 11. Qe2 {½-½ (11) Perunovic,M (2614)-Savic,M (2503) Bar 2015}) 7. h5 Nh4 8. d4 {White is slightly better.} Nxf3+ $1 9. gxf3 ({White should play} 9. Qxf3 $11 exd4 10. Nd5) 9... b5 $1 $15 {[%cal Bb7b5,Bb5a4][%mdl 32]} 10. d5 Nd4 $36 {[%mdl 2048] Black has the initiative.} 11. f4 ({Better is} 11. Bb3 $1 $15) 11... bxa4 $17 12. fxe5 Nb5 $1 13. Qg4 (13. Nxa4 $17 d6 14. c4) 13... Rg8 ({Black should try} 13... Bf8 $19 14. Bg5 f6 15. exf6 gxf6) 14. Qf5 g6 15. hxg6 hxg6 16. Qf3 Bh4 (16... Bg5 $1 $17 {Threatens to win with ...Bxc1.} 17. Ne2 (17. Bxg5 $2 Qxg5 18. Nxa4 Qxe5 $19) 17... Bxc1) 17. Ne2 (17. Qg4 $1 $11) 17... d6 $1 {[%cal Rd6e5]} 18. c4 dxe5 (18... Na7 $17 19. Bf4 Rb8 20. exd6 cxd6) 19. cxb5 $11 axb5 20. Qc3 Qf6 {[#]} 21. Rxh4 $1 {[%mdl 512]} Qxh4 $16 22. Qc6+ Kf8 $1 {[%cal Rf8g7]} 23. Qxa8 Qh1+ 24. Kd2 Kg7 25. Qc6 (25. Ng3 $1 $16 {[%cal Rg3h1]} Qg1 26. Qa7) 25... Qxe4 {...Rh8 is the strong threat.} 26. Ng3 $1 {[%cal Rg3e4]} Qd4+ {[#]} (26... Qg2 $1 $11 27. Ke1 Qg1+ 28. Nf1 Bh3 29. Qxb5 Rh8) 27. Ke1 $1 {Black must now prevent Bg5.} Bg4 (27... Rh8 $16 {keeps fighting.}) 28. Bg5 $18 {Hoping for Qf6+.} Qxb2 $2 (28... Qb4+ 29. Bd2 Qd6 30. Qxb5 Bf3) 29. Qf6+ Kh7 30. Rc1 Qxa2 31. Rxc7 Rg7 32. Bh6 {[%csl Gh6][%cal Rf6g7]} Qb1+ 33. Rc1 {[%csl Gh6][%cal Rf6g7]} Qb4+ 34. Bd2 Qd4 35. Be3 Qb4+ {[#]} 36. Kf1 $1 Bh3+ 37. Kg1 Qg4 38. Kh2 {Strongly threatening f3.} Qd7 39. Qh4+ Kg8 40. Ne4 {White mates.} (40. Qxh3 Rh7 $11) 40... Qf5 41. Nf6+ Kf8 42. Bc5# {Precision: White = 65%, Black = 48%.} 1-0

[Event "CZE-tht Extraliga 2018-19"]
[Site "Czech Republic"]
[Date "2019.01.13"]
[Round "6"]
[White "Rausis, Igors"]
[Black "Rasik, Vitezslav"]
[Result "1-0"]
[WhiteElo "2655"]
[BlackElo "2461"]
[Annotator "TA"]
[PlyCount "85"]
[EventDate "2018.11.03"]
[EventType "team-tourn"]
[EventCountry "CZE"]
[SourceTitle "playchess.com"]
[Source "ChessBase"]
[SourceQuality "1"]
[WhiteTeam "Beskydska"]
[BlackTeam "Ostrava"]

{[%evp 17,85,29,31,27,37,34,46,12,22,22,22,19,33,42,43,33,54,41,41,49,49,49,54,52,45,47,48,51,53,62,106,102,117,122,174,176,199,187,239,223,397,384,384,370,1895,1658,3402,2332,2197,1262,29961,29960,29970,29968,29962,7000,6050,4802,29975,29946,29977,29979,29982,29983,29983,29984,29985,29986,29989,29990]} 1. e4 d6 2. d4 {[%cal Bd2d4,Bd4e5][%mdl 32]} Nf6 3. Bd3 e5 4. c3 d5 5. dxe5 Nxe4 6. Nf3 Nc6 7. O-O Bg4 {B07: Pirc Defence: Miscellaneous Systems} 8. Nbd2 Nc5 9. Be2 (9. Bb1 Be7 10. b4 Nd7 11. h3 Bh5 12. g4 Bg6 13. Re1 Nf8 14. Bf5 Ne6 15. Nb3 {1-0 (57) Parligras,M (2632)-Bauer,C (2625) Barcelona 2018}) 9... Be7 {LiveBook: 3 Games. White has an edge.} 10. b4 $146 {[%cal Bb2b4,Bb4b5][%mdl 32]} ({Predecessor:} 10. Nd4 Bxe2 11. Qxe2 Nxd4 12. cxd4 Ne6 13. Nb3 O-O 14. f4 f5 15. exf6 Rxf6 {½-½ (58) Ali,M (2413)-Gonzales,J (2364) Surakarta 2018}) 10... Ne6 11. b5 Nb8 12. c4 O-O 13. cxd5 Qxd5 14. Qa4 Bh5 15. Rd1 Nd7 16. Ne4 Ndc5 17. Nxc5 $1 Qxc5 18. Be3 $36 {[%mdl 2048] Black is under pressure.} Qb4 19. Qb3 Rfd8 20. Bc4 Qxb3 21. axb3 Rxd1+ 22. Rxd1 Rd8 23. Ra1 b6 {[#]} 24. h3 $1 ({Of course not} 24. Rxa7 $6 Rd1+ 25. Bf1 f6 $11) 24... Bxf3 25. gxf3 Bc5 (25... Kf8 $16 {was called for.} 26. f4 (26. Rxa7 Rd7 $16) 26... g6 27. Rxa7 Rd7) 26. Rxa7 $18 Bxe3 27. fxe3 {[%mdl 4096] Endgame KRB-KRN} Rd7 (27... Kf8 $142 28. f4 g6 29. Bxe6 fxe6 30. Rxc7 Rd5) 28. Ra8+ Rd8 $2 (28... Nd8 {was necessary.} 29. e6 Rd1+ 30. Kf2 fxe6) 29. Rxd8+ Nxd8 {[#] KB-KN} 30. Bd5 $1 Ne6 $2 (30... Kf8 31. Kh2 Ke7) 31. Bxe6 fxe6 {KP-KP} 32. Kf2 Kf7 33. Kg3 Kg6 34. Kg4 Kf7 35. Kg5 Ke7 36. f4 Kd7 37. h4 Ke7 38. h5 {White mates.} Kf7 39. h6 gxh6+ 40. Kxh6 Kg8 41. e4 Kh8 42. f5 {[%cal Bf4f5,Bf5f6][%mdl 32]} Kg8 43. f6 {Accuracy: White = 95%, Black = 31%.} 1-0

[Event "CZE-tht Extraliga 2018-19"]
[Site "Czech Republic"]
[Date "2019.01.13"]
[Round "6"]
[White "Alekseenko, Kirill"]
[Black "Najer, Evgeniy"]
[Result "0-1"]
[WhiteElo "2637"]
[BlackElo "2670"]
[Annotator "TA"]
[PlyCount "124"]
[EventDate "2018.11.03"]
[EventType "team-tourn"]
[EventCountry "CZE"]
[SourceTitle "playchess.com"]
[Source "ChessBase"]
[SourceQuality "1"]
[WhiteTeam "Pardubice"]
[BlackTeam "Lysa nad Labem"]

{[%evp 21,124,11,12,0,0,-4,-4,-4,-4,-9,-8,-8,-7,-16,15,18,19,20,38,35,49,0,17,0,0,-130,-126,-126,-120,-117,-57,-56,-63,-70,-70,-70,-66,-64,-58,-106,-109,-150,-138,-131,-149,-135,-130,-148,-169,-227,-219,-208,-185,-181,-173,-180,-172,-254,-254,-256,-254,-352,-350,-343,-343,-327,-326,-517,-517,-517,-510,-510,-431,-510,-510,-448,-441,-510,-503,-489,-464,-424,-424,-563,-563,-676,-669,-669,-669,-4149,-660,-653,-625,-516,-452,-661,-563,-325,-325,-325,-324,-4137,-4137,-4137,-4133]} 1. e4 e5 2. Nf3 Nc6 3. Bb5 a6 4. Ba4 Nf6 5. O-O Nxe4 6. d4 b5 7. Bb3 d5 8. dxe5 Be6 9. Be3 Be7 10. c3 O-O 11. Nbd2 Bg4 {LiveBook: 28 Games} 12. Bf4 {C83: Open Ruy Lopez: 9 c3 Be7} (12. Nxe4 dxe4 13. Qd5 Qxd5 14. Bxd5 exf3 15. Bxc6 fxg2 16. Rfc1 Rab8 17. a4 b4 18. cxb4 Rxb4 19. Bxg2 c5 20. Bxc5 Bxc5 21. Rxc5 Rxb2 {½-½ (37) Karjakin,S (2773)-Anand,V (2768) Saint Louis 2018}) 12... Nc5 13. Bc2 d4 14. Nb3 $146 {The position is equal.} ({Predecessor:} 14. h3 Bh5 15. Nb3 d3 16. Bb1 Bg6 17. Nbd4 Qd5 18. a3 Ne6 19. Be3 Na5 {½-½ (47) Yu,L (2449)-Zhang,P (2605) China 2010}) 14... dxc3 15. bxc3 Qxd1 16. Rfxd1 {With the idea Nxc5.} Ne6 {[#] Threatens to win with ...Bxf3.} 17. Bg3 {next Be4 is good for White.} a5 18. Be4 Ra6 19. h3 Bh5 20. Rd7 {[#] Strongly threatening Bxc6.} Re8 21. Rb1 b4 22. cxb4 axb4 23. Rd2 (23. Bxc6 $11 {keeps the balance.} Rxc6 24. Nfd4) 23... Bg6 $17 24. Bxg6 hxg6 25. Rc1 Rd8 (25... Na7 $17 26. Nbd4 c5 27. Nxe6 Rxe6) 26. Rcc2 $15 Kf8 27. Kf1 Ke8 28. Rxd8+ Ncxd8 29. Nfd2 Nc6 30. Nf3 Na7 31. Nfd4 Nxd4 32. Nxd4 c5 {[%cal Bc7c5,Bc5c4][%mdl 32]} 33. Nb3 Nb5 34. f4 Na3 35. Rd2 (35. Rc1 $142 c4 36. Nd4) 35... c4 $19 36. Nc1 f6 37. exf6 Rxf6 38. Rd4 Rb6 39. Rd2 (39. Re4 {was necessary.}) 39... b3 40. axb3 cxb3 41. Nd3 ({Don't blunder} 41. Rb2 $2 Nc4 $19) 41... Nc4 42. Re2 b2 43. Nxb2 Rxb2 44. Rxb2 (44. Re1 $142) 44... Nxb2 45. Ke2 Kf7 46. Kf3 Nd3 47. Ke3 Nc5 48. Be1 Ke6 49. Kf3 Nd3 50. Bc3 Bf6 51. Bd2 Kd5 52. g3 Nc5 53. Be3 Ne6 54. Bb6 Nd4+ 55. Kg4 Nf5 (55... Ke4 $142 56. Bxd4 Kxd4) 56. Kf3 Bc3 57. Bf2 Bb4 58. h4 (58. Bb6 $142 Be1 59. g4 Nh4+ 60. Ke2) 58... Be7 59. Bb6 Bf6 60. Bf2 Bc3 61. Kg4 $2 (61. g4 Nd6 62. h5) 61... Ke4 62. Kg5 Kf3 {[%mdl 64] Double Attack. Accuracy: White = 56%, Black = 83%.} 0-1